<?xml version="1.0" encoding="UTF-8"?>
<marc:record xmlns:marc="http://www.loc.gov/MARC21/slim">
   <marc:leader>00000nam a2200000 a 4500</marc:leader>
   <marc:datafield ind1="1" ind2=" " tag="100">
      <marc:subfield code="a">Kastenhuber, Bobby</marc:subfield>
      <marc:subfield code="4">aut</marc:subfield>
      <marc:subfield code="e">Verfasser/-in</marc:subfield>
   </marc:datafield>
   <marc:datafield ind1="0" ind2="0" tag="245">
      <marc:subfield code="a">Wer ist da aus dem Ei geschlüpft?</marc:subfield>
   </marc:datafield>
   <marc:datafield ind1=" " ind2="1" tag="264">
      <marc:subfield code="b">klein &amp; groß Verlag</marc:subfield>
      <marc:subfield code="c">2021</marc:subfield>
   </marc:datafield>
   <marc:datafield ind1="1" ind2=" " tag="520">
      <marc:subfield code="a">Ein Ei - woran denken wir da? Vermutlich an ein Hühnerei. Doch nicht nur Hühner legen Eier. Das Ei ist so etwas wie die Keimzelle werdenden Lebens. So schlüpfen nicht nur alle Vögel aus Eiern, sondern auch Krokodile, Schlangen, Schildkröten - und sogar Chamäleons.</marc:subfield>
   </marc:datafield>
   <marc:datafield ind1=" " ind2=" " tag="020">
      <marc:subfield code="a">9783946360384</marc:subfield>
      <marc:subfield code="9">9783946360384</marc:subfield>
   </marc:datafield>
</marc:record>
